00846cam a22002297i 450000100090000000300040000900500170001300800410003001000170007104000280008805000240011608200170014010000300015724501920018726400700037930000260044933600260047533700280050133800270052950000400055665000200059618182269OSt20190121152018.0140609s1975 cau 000 0 eng  a 2013388987 aDLCbengerdacDLCdDLC00aMLCS 2018/50052 (B) a248.4bC418N1 aCerullo, Morris,eauthor.14aThe new anointing :bdealing with the problems and circumstances in your life through a revelation of the root cause, you can have a new anointing for total victory! /cby Morris Cerullo. 1aSan Diego, California :bMorris Cerullo World Evangelism,c[1975] ax, 148 pages ;c22 cm atextbtxt2rdacontent aunmediatedbn2rdamedia avolumebnc2rdacarrier aMinimal Level Cataloging Plus.5DLC 0aSpiritual life.